[Event "Quenza Rapid op 13th"]
[White "Sabiani, Chjara"]
[Black "Tomasi, Albert"]
[Site "Quenza"]
[Round "6"]
[Result "1-0"]
[Date "2024.07.07"]
[WhiteElo "1841"]
[BlackElo "2295"]
[PlyCount "51"]
[EventDate "2024.07.07"]
[EventType "swiss (rapid)"]
[EventRounds "9"]
[EventCountry "FRA"]
[SourceTitle "CBM 221 Extra"]
[Source "ChessBase"]
[SourceDate "2024.09.30"]
[SourceVersion "1"]
[SourceVersionDate "2024.09.30"]
[SourceQuality "1"]

1. d4 Nf6 2. c4 c5 3. d5 b5 4. Qc2 bxc4 5. e4 Ba6 6. Nd2 c3 7. bxc3 Bxf1 8. Nxf1 g6 9. Nf3 Bg7 10. Bb2 d6 11. Ne3 Nbd7 12. h3 Rb8 13. 0-0 Nxe4 14. Qxe4 Rxb2 15. Nc4 Nf6 16. Qd3 Rb8 17. Rab1 0-0 18. Rxb8 Qxb8 19. Na5 Qb2 20. Nc6 Qxa2 21. Nxe7+ Kh8 22. Rb1 a5 23. Ng5 a4 24. Rb8 h6 25. Nxf7+ Kh7 26. Qxg6# 1-0

[Event "Quenza Rapid op 13th"]
[White "Sabiani, Chjara"]
[Black "Travadon, Loic"]
[Site "Quenza"]
[Round "2"]
[Result "0-1"]
[Date "2024.07.07"]
[WhiteElo "1841"]
[BlackElo "2458"]
[PlyCount "90"]
[EventDate "2024.07.07"]
[EventType "swiss (rapid)"]
[EventRounds "9"]
[EventCountry "FRA"]
[SourceTitle "CBM 221 Extra"]
[Source "ChessBase"]
[SourceDate "2024.09.30"]
[SourceVersion "1"]
[SourceVersionDate "2024.09.30"]
[SourceQuality "1"]

1. d4 Nf6 2. c4 e6 3. Nf3 Bb4+ 4. Bd2 Qe7 5. g3 Nc6 6. Bg2 Bxd2+ 7. Nbxd2 0-0 8. 0-0 d6 9. e4 e5 10. d5 Nb8 11. b4 c6 12. Qb3 Bg4 13. Rac1 Nbd7 14. h3 Bxf3 15. Qxf3 a5 16. a3 axb4 17. axb4 c5 18. b5 Ra2 19. Qc3 Rfa8 20. Ra1 Qd8 21. Rxa2 Rxa2 22. Ra1 Qa8 23. Rxa2 Qxa2 24. f4 h5 25. f5 Nb6 26. Kh2 h4 27. g4 Nh7 28. Nb3 Ng5 29. Qd3 Nxe4 30. Qxe4 Qxb3 31. Bf1 Nd7 32. g5 Qg3+ 33. Kh1 Qxg5 34. Qg4 Qc1 35. Kg2 Qd2+ 36. Kh1 Qd4 37. Qg5 Nf6 38. Bg2 b6 39. Kh2 Qxc4 40. Kh1 Qd4 41. Kh2 c4 42. Qc1 Qf4+ 43. Qxf4 exf4 44. Bf3 c3 45. Bd1 Nxd5 0-1

[Event "FRA-ch U26"]
[White "Sabiani, Chjara"]
[Black "Aghamir Alrobiai, Nizar"]
[Site "Bastia"]
[Round "4"]
[Result "0-1"]
[Date "2024.04.06"]
[WhiteElo "1843"]
[BlackElo "2098"]
[PlyCount "104"]
[EventDate "2024.04.06"]
[EventType "swiss"]
[EventRounds "9"]
[EventCountry "FRA"]
[SourceTitle "CBM 219 Extra"]
[Source "ChessBase"]
[SourceDate "2024.05.31"]
[SourceVersion "1"]
[SourceVersionDate "2024.05.31"]
[SourceQuality "1"]

1. d4 Nf6 2. c4 g6 3. Nc3 d5 4. Qb3 dxc4 5. Qxc4 Bg7 6. e4 0-0 7. Nf3 Na6 8. Bf4 c5 9. Rd1 cxd4 10. e5 Nh5 11. Rxd4 Qa5 12. Be2 Nxf4 13. Rxf4 Be6 14. Qa4 Qxa4 15. Rxa4 Nc5 16. Rb4 Rfd8 17. 0-0 b6 18. Rh4 h6 19. Re1 g5 20. Rb4 Rab8 21. Bf1 a5 22. Rd4 g4 23. Rxd8+ Rxd8 24. Nh4 Rd4 25. f3 h5 26. Ne2 Rb4 27. b3 Bxe5 28. Ng3 Bxg3 29. hxg3 a4 30. bxa4 Rxa4 31. Rb1 Rxa2 32. Rxb6 gxf3 33. Nxf3 Ne4 34. Kh2 Nf6 35. Rb8+ Kg7 36. Ng5 Ng4+ 37. Kg1 Bd5 38. Rb5 e6 39. Rc5 Kg6 40. Nf3 Ra1 41. Rc3 Bb7 42. Rb3 Ba6 43. Nd2 f6 44. Rb6 Bxf1 45. Nxf1 Ne3 46. Kf2 Nxf1 47. Rxe6 Nd2 48. Rb6 Ne4+ 49. Kf3 Ng5+ 50. Kf2 Ra2+ 51. Kf1 Ne4 52. Rb3 Nd2+ 0-1

[Event "FRA-ch U20 Girls"]
[White "Bellahcene, Meriem"]
[Black "Sabiani, Chjara"]
[Site "Agen"]
[Round "6"]
[Result "1-0"]
[Date "2022.04.21"]
[WhiteElo "1878"]
[BlackElo "1793"]
[PlyCount "75"]
[EventDate "2022.04.16"]
[EventType "swiss"]
[EventRounds "9"]
[EventCountry "FRA"]
[SourceTitle "EXT 2023"]
[Source "ChessBase"]
[SourceDate "2022.10.05"]
[SourceVersion "1"]
[SourceVersionDate "2022.10.05"]
[SourceQuality "1"]

1. e4 e6 2. d4 d5 3. exd5 exd5 4. Bd3 Bd6 5. c3 Nf6 6. Ne2 0-0 7. 0-0 c6 8. Bg5 Bxh2+ 9. Kh1 Bc7 10. Qc2 h6 11. Bh4 Re8 12. Nd2 Qd6 13. Bg3 Qd7 14. Nf3 Ne4 15. Bh2 Bxh2 16. Nxh2 Qc7 17. g4 Nd7 18. Kg2 Ndf6 19. f3 Ng5 20. Rae1 h5 21. Qd2 Ne6 22. g5 Nd7 23. f4 g6 24. f5 Nef8 25. Nf4 Qd8 26. Nf3 Kg7 27. Rxe8 Qxe8 28. Re1 Qd8 29. fxg6 fxg6 30. Bxg6 Nc5 31. dxc5 Nxg6 32. Qd4+ Kh7 33. Nxh5 Qh8 34. Nf6+ Kg7 35. Rh1 Qd8 36. Rh7+ Kf8 37. Ne5 Nxe5 38. Qxe5 1-0

[Event "FRA-ch U20 Girls"]
[White "Georges, Lisa"]
[Black "Sabiani, Chjara"]
[Site "Agen"]
[Round "4"]
[Result "1-0"]
[Date "2022.04.19"]
[WhiteElo "1762"]
[BlackElo "1793"]
[PlyCount "89"]
[EventDate "2022.04.16"]
[EventType "swiss"]
[EventRounds "9"]
[EventCountry "FRA"]
[SourceTitle "EXT 2023"]
[Source "ChessBase"]
[SourceDate "2022.10.05"]
[SourceVersion "1"]
[SourceVersionDate "2022.10.05"]
[SourceQuality "1"]

1. e4 e5 2. Nf3 Nf6 3. Nxe5 d6 4. Nf3 Nxe4 5. Qe2 Qe7 6. d3 Nf6 7. Nc3 Bd7 8. Bg5 Qxe2+ 9. Bxe2 Be7 10. 0-0 Nc6 11. d4 0-0-0 12. d5 Ne5 13. Nxe5 dxe5 14. Rfd1 Rhe8 15. Be3 Kb8 16. Nb5 a6 17. d6 axb5 18. dxe7 Rxe7 19. Bxb5 Kc8 20. Bc4 Ne4 21. a4 Bc6 22. Rxd8+ Kxd8 23. b4 f5 24. b5 Be8 25. Bd5 c6 26. Bxe4 fxe4 27. Bg5 cxb5 28. Bxe7+ Kxe7 29. axb5 Bxb5 30. Ra5 Bc6 31. Rxe5+ Kd6 32. Rg5 g6 33. Kf1 Ba4 34. c3 Bc2 35. Ke2 Ke6 36. Ke3 Bd3 37. f3 Kf6 38. Rg4 h5 39. Rf4+ Ke5 40. fxe4 Bc4 41. Rf8 b5 42. Re8+ Kf6 43. Kd4 Kf7 44. Rc8 Bf1 45. g3 1-0

[Event "FRA-ch U20 Girls"]
[White "Sabiani, Chjara"]
[Black "Konate, Salma"]
[Site "Agen"]
[Round "3"]
[Result "1/2-1/2"]
[Date "2022.04.18"]
[WhiteElo "1793"]
[BlackElo "1800"]
[PlyCount "135"]
[EventDate "2022.04.16"]
[EventType "swiss"]
[EventRounds "9"]
[EventCountry "FRA"]
[SourceTitle "EXT 2023"]
[Source "ChessBase"]
[SourceDate "2022.10.05"]
[SourceVersion "1"]
[SourceVersionDate "2022.10.05"]
[SourceQuality "1"]

1. d4 d5 2. c4 e6 3. Nc3 c6 4. cxd5 exd5 5. Nf3 Nf6 6. Bg5 h6 7. Bh4 Bf5 8. Qb3 b6 9. e3 Be7 10. Be2 Nbd7 11. 0-0 0-0 12. Rac1 Nh5 13. Bxe7 Qxe7 14. Ne5 Nxe5 15. dxe5 g6 16. g4 Be6 17. Qa4 b5 18. Qa6 Rac8 19. gxh5 Bh3 20. Kh1 Bxf1 21. Rxf1 Qxe5 22. Rg1 g5 23. Qxa7 b4 24. Nd1 c5 25. Qa6 Kg7 26. Qd3 c4 27. Qd4 Qxd4 28. exd4 Ra8 29. a3 bxa3 30. bxa3 Rxa3 31. Ne3 Ra2 32. Re1 Re8 33. Kg2 Re4 34. Bf3 Rf4 35. Kg3 Rd2 36. Nxd5 Rfxd4 37. Ne3 Rf4 38. Rc1 Rdd4 39. Rc2 f6 40. Be2 Kh7 41. Rxc4 Rd2 42. Rc2 Rdd4 43. Rc7+ Kh8 44. Ng4 Rd2 45. Re7 Kg8 46. Nxh6+ Kf8 47. Rf7+ Ke8 48. Bb5+ Kd8 49. Ng4 f5 50. Ne5 Rfxf2 51. Nc6+ Ke8 52. Ne5+ Kd8 53. Rd7+ Rxd7 54. Bxd7 Re2 55. h6 f4+ 56. Kh3 Re3+ 57. Kg2 f3+ 58. Kf1 Re4 59. h7 Rh4 60. h8Q+ Rxh8 61. Nf7+ Kxd7 62. Nxh8 Ke6 63. Ng6 Kf6 64. Nf8 Kf5 65. Kf2 Kg4 66. Ne6 Kh3 67. Nxg5+ Kxh2 68. Nxf3+ 1/2-1/2

[Event "FRA-chT Top 12 (Women) GpB"]
[White "Sabiani, Chjara"]
[Black "Maisuradze, Nino"]
[Site "Mulhouse"]
[Round "1.3"]
[Result "0-1"]
[Date "2022.04.07"]
[WhiteElo "1793"]
[BlackElo "2202"]
[PlyCount "94"]
[EventDate "2022.04.07"]
[EventType "team-tourn"]
[EventRounds "5"]
[EventCountry "FRA"]
[SourceTitle "CBM 207 Extra"]
[Source "ChessBase"]
[SourceDate "2022.05.31"]
[SourceVersion "1"]
[SourceVersionDate "2022.05.31"]
[SourceQuality "1"]
[WhiteTeam "Cannes (W)"]
[BlackTeam "Bischwiller (W)"]
[WhiteTeamCountry "FRA"]
[BlackTeamCountry "FRA"]

1. d4 d5 2. c4 e6 3. Nc3 Nf6 4. cxd5 exd5 5. Bg5 c6 6. Qc2 Be7 7. e3 0-0 8. Bd3 Nbd7 9. Nf3 Re8 10. 0-0 Nf8 11. Rab1 a5 12. a3 Bd6 13. b4 Bg4 14. Nd2 Bh5 15. h3 Bg6 16. bxa5 Ra7 17. a6 Rxa6 18. e4 dxe4 19. Bxa6 bxa6 20. Be3 Nh5 21. Nc4 Bc7 22. Qb3 Ne6 23. Rfd1 Nef4 24. Bxf4 Nxf4 25. Ne3 Qg5 26. Kf1 Bh5 27. Qb7 Qd8 28. Rd2 c5 29. d5 Be5 30. Rc2 Bd4 31. Qc6 Nd3 32. Ne2 Ne5 33. Qb6 Qg5 34. Nxd4 cxd4 35. Qxd4 f5 36. Rc7 f4 37. Ng4 Bxg4 38. hxg4 f3 39. g3 Qh6 40. Ke1 e3 41. Qxe3 Qh1+ 42. Kd2 Qxb1 43. Qg5 Qb2+ 44. Rc2 Qd4+ 45. Kc1 Nd3+ 46. Kb1 Rb8+ 47. Ka2 Rb2+ 0-1

[Event "FIDE World Uni Rapid-A 1st"]
[White "Sabiani, Chjara"]
[Black "Berdayes Ason, Dylan Isidro"]
[Site "Tornelo INT"]
[Round "12"]
[Result "0-1"]
[Date "2021.03.21"]
[WhiteElo "1842"]
[BlackElo "2445"]
[PlyCount "66"]
[EventDate "2021.03.20"]
[EventType "swiss (rapid)"]
[EventRounds "12"]
[EventCountry "NET"]
[SourceTitle "CBM 201 Extra"]
[Source "ChessBase"]
[SourceDate "2021.05.31"]
[SourceVersion "1"]
[SourceVersionDate "2021.05.31"]
[SourceQuality "1"]

1. d4 Nf6 2. c4 c5 3. d5 e6 4. Nc3 g6 5. e4 d6 6. Nf3 Bg7 7. Bd3 0-0 8. 0-0 exd5 9. cxd5 Bg4 10. Bf4 Nh5 11. Bg3 Nxg3 12. hxg3 Nd7 13. Qb3 Bxf3 14. gxf3 Rb8 15. Nb5 Qf6 16. Kg2 a6 17. Nc3 b5 18. Qc2 c4 19. Be2 Rfc8 20. Rab1 b4 21. Nd1 b3 22. axb3 cxb3 23. Qd3 Nc5 24. Qe3 Qd4 25. Nc3 Qxe3 26. fxe3 Bxc3 27. bxc3 a5 28. Rfd1 a4 29. e5 a3 30. e6 a2 31. exf7+ Kxf7 32. Rb2 Na4 33. Rbd2 b2 0-1

[Event "FIDE World Uni Rapid-A 1st"]
[White "Soumyajit, Das"]
[Black "Sabiani, Chjara"]
[Site "Tornelo INT"]
[Round "10"]
[Result "0-1"]
[Date "2021.03.21"]
[WhiteElo "1699"]
[BlackElo "1842"]
[PlyCount "157"]
[EventDate "2021.03.20"]
[EventType "swiss (rapid)"]
[EventRounds "12"]
[EventCountry "NET"]
[SourceTitle "CBM 201 Extra"]
[Source "ChessBase"]
[SourceDate "2021.05.31"]
[SourceVersion "1"]
[SourceVersionDate "2021.05.31"]
[SourceQuality "1"]

1. e4 c5 2. Nf3 Nc6 3. d4 cxd4 4. Nxd4 e5 5. Nb3 Nf6 6. Bg5 Be7 7. Nc3 0-0 8. Bxf6 Bxf6 9. Bc4 Bg5 10. Nd5 d6 11. 0-0 a6 12. a4 Kh8 13. Re1 f5 14. exf5 Bxf5 15. c3 Ne7 16. Nd2 Nxd5 17. Bxd5 Rb8 18. Ne4 Bxe4 19. Bxe4 Qf6 20. f3 Bf4 21. g3 Bg5 22. Qd3 Rfd8 23. c4 g6 24. Rad1 Bh6 25. Re2 b6 26. Kg2 a5 27. Ree1 Rbc8 28. b3 Rc7 29. Bd5 Re7 30. Be4 Rc7 31. h4 Rf7 32. Rh1 Bf8 33. Bd5 Rg7 34. h5 g5 35. h6 Rg6 36. Be4 Rxh6 37. Bxh7 Rd7 38. Be4 Rf7 39. Rxh6+ Bxh6 40. g4 Bf8 41. Rh1+ Kg8 42. Bd5 Bg7 43. Bxf7+ Kxf7 44. Qd5+ Ke7 45. Qb7+ Kf8 46. Qxb6 Qf4 47. Qxd6+ Kf7 48. Qd7+ Kf8 49. Qd8+ Kf7 50. Qxa5 Kg6 51. Qd5 Kf6 52. c5 Qb4 53. c6 Qc3 54. Qd6+ Kf7 55. c7 e4 56. Qd7+ Kf6 57. Qf5+ Ke7 58. fxe4 Qc2+ 59. Qf2 Qxe4+ 60. Qf3 Qc2+ 61. Kh3 Qh7+ 62. Kg2 Qc2+ 63. Kh3 Qh7+ 64. Kg3 Be5+ 65. Kf2 Bd4+ 66. Ke2 Qc2+ 67. Kf1 Qb1+ 68. Kg2 Qc2+ 69. Kg3 Be5+ 70. Kh3 Qh7+ 71. Kg2 Qc2+ 72. Kf1 Qb1+ 73. Ke2 Qc2+ 74. Ke1 Qb1+ 75. Kf2 Qc2+ 76. Kf1 Qb1+ 77. Kg2 Qc2+ 78. Kh3 Qh7+ 79. Kg2 0-1

[Event "FIDE World Uni Blitz-A 1st"]
[White "Sabiani, Chjara"]
[Black "Printzios, Lampros"]
[Site "Tornelo INT"]
[Round "9.57"]
[Result "0-1"]
[Date "2021.03.13"]
[WhiteElo "1842"]
[BlackElo "1296"]
[PlyCount "138"]
[EventDate "2021.03.13"]
[EventType "swiss (blitz)"]
[EventRounds "10"]
[EventCountry "NET"]
[SourceTitle "EXT 2022"]
[Source "ChessBase"]
[SourceDate "2021.10.06"]
[SourceVersion "1"]
[SourceVersionDate "2021.10.06"]
[SourceQuality "1"]

1. d4 d6 2. c4 Nf6 3. Nc3 g6 4. e4 Bg7 5. Be2 0-0 6. Bg5 c5 7. d5 e6 8. g4 exd5 9. cxd5 h6 10. Be3 Re8 11. f3 a6 12. a4 Nbd7 13. Qd2 Kh7 14. h4 Ne5 15. g5 Ng8 16. h5 f5 17. hxg6+ Nxg6 18. gxh6 Bxc3 19. Qxc3 Qf6 20. Qd2 fxe4 21. Bg5 Qf5 22. 0-0-0 b5 23. fxe4 Qxe4 24. Bd3 Qxh1 25. Ne2 Qh2 26. Qc2 Qh5 27. Nf4 Qxg5 28. Bxg6+ Kh8 29. Bxe8 Qxf4+ 30. Rd2 Bf5 31. Qc3+ Qe5 32. Bc6 Rd8 33. axb5 axb5 34. Bxb5 Nf6 35. Qxe5 dxe5 36. d6 Ne4 37. Re2 Rxd6 38. Ba4 Kh7 39. Bc2 Rd4 40. Rf2 Bg6 41. Rh2 Ng5 42. Bxg6+ Kxg6 43. Kc2 Rd7 44. Kc3 Rh7 45. Kc4 Rxh6 46. Re2 Kf5 47. Kxc5 Ne4+ 48. Kd5 Nf6+ 49. Kc4 e4 50. b4 Ke5 51. b5 Nd5 52. Kc5 Nf4 53. Re3 Nd3+ 54. Kc4 Rb6 55. Rh3 Nf4 56. Rh5+ Nxh5 57. Kc5 Rxb5+ 58. Kxb5 Kd4 59. Kc6 e3 60. Kd6 e2 61. Kc6 Ng3 62. Kd6 e1Q 63. Kc6 Qe5 64. Kd7 Qf6 65. Kc7 Kc5 66. Kb7 Qd6 67. Ka8 Qd7 68. Kb8 Kb6 69. Ka8 Qd8# 0-1

[Event "Trophee Roza Lallemand Online"]
[White "Daulyte Cornette, Deimante"]
[Black "Sabiani, Chjara"]
[Site "Tornelo INT"]
[Round "2"]
[Result "1/2-1/2"]
[Date "2020.12.13"]
[WhiteElo "2400"]
[BlackElo "1842"]
[PlyCount "106"]
[EventDate "2020.12.13"]
[EventType "swiss (rapid)"]
[EventRounds "9"]
[EventCountry "USA"]
[SourceTitle "EXT 2022"]
[Source "ChessBase"]
[SourceDate "2021.10.06"]
[SourceVersion "1"]
[SourceVersionDate "2021.10.06"]
[SourceQuality "1"]

1. e4 c5 2. Nc3 Nc6 3. Bb5 g6 4. Bxc6 dxc6 5. d3 Bg7 6. Be3 b6 7. Qd2 e5 8. f4 Nf6 9. fxe5 Ng4 10. Bg5 Qc7 11. Nf3 Nxe5 12. 0-0-0 Nxf3 13. gxf3 Be6 14. h4 Kd7 15. h5 Rae8 16. h6 Be5 17. f4 Bxc3 18. Qxc3 Kc8 19. Kb1 f5 20. Rhe1 Qf7 21. b3 Rhf8 22. Re3 Qc7 23. Rde1 fxe4 24. dxe4 Qf7 25. Rd3 Qc7 26. Qd2 Rf7 27. c4 Rd7 28. Rxd7 Qxd7 29. Qxd7+ Kxd7 30. Kc2 Kc7 31. Bf6 b5 32. Kc3 Kb6 33. f5 gxf5 34. exf5 Bf7 35. Rxe8 Bxe8 36. Bd8+ Kb7 37. f6 Bf7 38. a3 a6 39. Kd3 Bg6+ 40. Kd2 Bf7 41. Kc3 Bg8 42. Kd3 Bf7 43. Be7 Bg6+ 44. Kc3 Kb6 45. b4 cxb4+ 46. axb4 Bf7 47. c5+ Kc7 48. Kd4 Kd7 49. Ke5 Bg6 50. Bd6 Bf7 51. Bb8 Bg6 52. Bd6 Bf7 53. Bf8 Bg6 1/2-1/2

[Event "Trophee Roza Lallemand Online"]
[White "Sabiani, Chjara"]
[Black "Fougerat, Emma"]
[Site "Tornelo INT"]
[Round "5"]
[Result "1-0"]
[Date "2020.12.13"]
[WhiteElo "1842"]
[BlackElo "1534"]
[PlyCount "85"]
[EventDate "2020.12.13"]
[EventType "swiss (rapid)"]
[EventRounds "9"]
[EventCountry "USA"]
[SourceTitle "EXT 2022"]
[Source "ChessBase"]
[SourceDate "2021.10.06"]
[SourceVersion "1"]
[SourceVersionDate "2021.10.06"]
[SourceQuality "1"]

1. d4 Nf6 2. c4 c5 3. d5 b5 4. Qc2 bxc4 5. e4 e6 6. Bxc4 Bb7 7. Nc3 exd5 8. exd5 d6 9. Qb3 Qb6 10. Qxb6 axb6 11. Nb5 Na6 12. Bf4 Rd8 13. 0-0-0 Be7 14. Re1 Bxd5 15. Bxd5 Nxd5 16. Bxd6 Rd7 17. a3 0-0 18. Bxe7 Rxe7 19. Nf3 Rfe8 20. g3 Re2 21. Nd6 R8e6 22. Rxe2 Rxe2 23. Rd1 Nf6 24. Ng5 h6 25. Ngxf7 Rxf2 26. Ne5 Rxh2 27. Ndf7 g5 28. Rd6 Rf2 29. Rxb6 Nc7 30. Nxh6+ Kg7 31. Rc6 Kxh6 32. Ng4+ Kg6 33. Nxf2 Nce8 34. Ne4 Kf5 35. Nxf6 Nxf6 36. Rxc5+ Kg4 37. a4 Ne4 38. Rc4 Kf3 39. g4 Nf6 40. a5 Nxg4 41. Rxg4 Kxg4 42. a6 Kf3 43. a7 1-0

[Event "Trophee Roza Lallemand Online"]
[White "Sabiani, Chjara"]
[Black "Schebacher, Leane"]
[Site "Tornelo INT"]
[Round "3"]
[Result "1-0"]
[Date "2020.12.13"]
[WhiteElo "1842"]
[BlackElo "1389"]
[PlyCount "143"]
[EventDate "2020.12.13"]
[EventType "swiss (rapid)"]
[EventRounds "9"]
[EventCountry "USA"]
[SourceTitle "EXT 2022"]
[Source "ChessBase"]
[SourceDate "2021.10.06"]
[SourceVersion "1"]
[SourceVersionDate "2021.10.06"]
[SourceQuality "1"]

1. d4 d5 2. c4 c6 3. cxd5 cxd5 4. Nc3 Nf6 5. Bf4 Nc6 6. Nf3 e6 7. e3 Bd6 8. Bg3 Qe7 9. Be2 0-0 10. 0-0 Bd7 11. Rc1 Rac8 12. a3 Na5 13. Nb5 Bxb5 14. Bxb5 Nc4 15. Bxc4 dxc4 16. Qa4 Bxg3 17. hxg3 Nd5 18. Qxa7 c3 19. bxc3 Nxc3 20. Ra1 Nb5 21. Qa5 Qd7 22. Ne5 Qd5 23. Rfb1 Nd6 24. Qxd5 exd5 25. Rb6 Rfd8 26. Rab1 Rc7 27. Nd3 Ra8 28. Nc5 Nc4 29. Rxb7 Rcc8 30. a4 Nd2 31. R1b5 Ne4 32. Nxe4 dxe4 33. a5 f6 34. Re7 Rc6 35. Rxe4 Rca6 36. Re7 Rxa5 37. Rbb7 Ra1+ 38. Kh2 R1a6 39. Rxg7+ Kf8 40. Rxh7 Kg8 41. Rhe7 Ra2 42. f3 R2a6 43. g4 Kf8 44. Rh7 Kg8 45. e4 Rd6 46. d5 Re8 47. Rhe7 Red8 48. Re6 Rxe6 49. dxe6 Re8 50. e7 Kf7 51. Kg3 Rxe7 52. Rxe7+ Kxe7 53. Kf4 Ke6 54. g5 fxg5+ 55. Kxg5 Ke7 56. e5 Ke6 57. f4 Ke7 58. f5 Kf7 59. e6+ Ke7 60. Kg6 Kf8 61. Kf6 Ke8 62. e7 Kd7 63. Kf7 Kd6 64. e8Q Kd5 65. f6 Kd4 66. Qe6 Kd3 67. Ke7 Kd4 68. f7 Kd3 69. f8Q Kd4 70. Qf4+ Kc5 71. Qed6+ Kb5 72. Qfb4# 1-0

[Event "Trophee Roza Lallemand Online"]
[White "Schippke, Manon"]
[Black "Sabiani, Chjara"]
[Site "Tornelo INT"]
[Round "4"]
[Result "1/2-1/2"]
[Date "2020.12.13"]
[WhiteElo "1904"]
[BlackElo "1842"]
[PlyCount "95"]
[EventDate "2020.12.13"]
[EventType "swiss (rapid)"]
[EventRounds "9"]
[EventCountry "USA"]
[SourceTitle "EXT 2022"]
[Source "ChessBase"]
[SourceDate "2021.10.06"]
[SourceVersion "1"]
[SourceVersionDate "2021.10.06"]
[SourceQuality "1"]

1. e4 c5 2. Nf3 Nc6 3. g3 g6 4. Bg2 Bg7 5. 0-0 d6 6. d3 Nf6 7. Re1 0-0 8. c3 Rb8 9. h3 b5 10. d4 cxd4 11. cxd4 Bb7 12. a3 Nd7 13. Nc3 a6 14. Be3 Nb6 15. b3 Rc8 16. Rc1 Nd7 17. Qd2 Qa5 18. Nb1 Qxd2 19. Nbxd2 Na5 20. Kf1 Nf6 21. Ng1 Rfd8 22. Ne2 Nd7 23. Nf4 g5 24. Nh5 h6 25. Nxg7 Kxg7 26. d5 Ba8 27. Bd4+ Kg8 28. Bf3 Nc5 29. Re3 e5 30. dxe6 Nxe6 31. Rxc8 Rxc8 32. Bc3 Nc6 33. Bg4 Ne5 34. Bf5 Rc7 35. Nf3 Nxf3 36. Rxf3 Nc5 37. Ba5 Re7 38. Re3 Nxe4 39. Bxe4 Rxe4 40. Rxe4 Bxe4 41. Bc3 Bc2 42. b4 Kf8 43. Ke2 Ke7 44. Ke3 h5 45. Kd4 Bb3 46. h4 g4 47. Bd2 Ke6 48. Bf4 1/2-1/2

[Event "EU-ch Online U18 Girls"]
[White "Sabiani, Chjara"]
[Black "Muha, Magdalena"]
[Site "Tornelo INT"]
[Round "7"]
[Result "1-0"]
[Date "2020.09.20"]
[WhiteElo "1842"]
[BlackElo "1771"]
[PlyCount "61"]
[EventDate "2020.09.18"]
[EventType "swiss (rapid)"]
[EventRounds "9"]
[EventCountry "ENG"]
[SourceTitle "CBM 198 Extra"]
[Source "ChessBase"]
[SourceDate "2020.11.30"]
[SourceVersion "1"]
[SourceVersionDate "2020.11.30"]
[SourceQuality "1"]

1. d4 d5 2. c4 c6 3. cxd5 cxd5 4. Nc3 Nf6 5. Bf4 Nc6 6. e3 e6 7. Nf3 Be7 8. Be2 0-0 9. 0-0 Nh5 10. Bg3 Nxg3 11. hxg3 Bd6 12. Rc1 Ne7 13. Bd3 Ng6 14. Nb5 Bb8 15. Bb1 a6 16. Nc3 b5 17. b4 Bb7 18. Nd2 e5 19. Bxg6 fxg6 20. Nb3 e4 21. Nc5 Bc8 22. Qb3 Rf5 23. N5xe4 Kf8 24. g4 Qh4 25. Ng3 Rg5 26. Nce4 dxe4 27. Rxc8+ Ke7 28. Qg8 Bxg3 29. Qe8+ Kd6 30. Rc6+ Kd5 31. Qe6# 1-0

[Event "EU-ch Online U18 Girls"]
[White "Goltseva, Ekaterina"]
[Black "Sabiani, Chjara"]
[Site "Tornelo INT"]
[Round "4"]
[Result "1-0"]
[Date "2020.09.19"]
[WhiteElo "2306"]
[BlackElo "1842"]
[PlyCount "71"]
[EventDate "2020.09.18"]
[EventType "swiss (rapid)"]
[EventRounds "9"]
[EventCountry "ENG"]
[SourceTitle "CBM 198 Extra"]
[Source "ChessBase"]
[SourceDate "2020.11.30"]
[SourceVersion "1"]
[SourceVersionDate "2020.11.30"]
[SourceQuality "1"]

1. d4 Nf6 2. c4 g6 3. Nc3 Bg7 4. e4 d6 5. Nf3 0-0 6. h3 e5 7. d5 a5 8. Be3 Nbd7 9. g4 Nc5 10. Nd2 b6 11. Be2 Ba6 12. a3 Qe7 13. h4 Ne8 14. h5 g5 15. h6 Bf6 16. b4 Nd7 17. Nf3 axb4 18. axb4 Kh8 19. Qd2 Rg8 20. Rh5 Rg6 21. Nxg5 Bxg5 22. Bxg5 Nef6 23. f3 Qf8 24. Rh1 Bb7 25. Kf2 Nb8 26. Rxa8 Bxa8 27. Ra1 Bb7 28. Ra7 Qc8 29. Bxf6+ Rxf6 30. Qg5 Rg6 31. Qe7 Rxh6 32. Rxb7 Na6 33. b5 f5 34. bxa6 fxg4 35. fxg4 Qg8 36. a7 1-0

[Event "EU-ch Online U18 Girls"]
[White "Sabiani, Chjara"]
[Black "Lagazauri, Tamar"]
[Site "Tornelo INT"]
[Round "3"]
[Result "1-0"]
[Date "2020.09.18"]
[WhiteElo "1842"]
[BlackElo "1657"]
[PlyCount "65"]
[EventDate "2020.09.18"]
[EventType "swiss (rapid)"]
[EventRounds "9"]
[EventCountry "ENG"]
[SourceTitle "CBM 198 Extra"]
[Source "ChessBase"]
[SourceDate "2020.11.30"]
[SourceVersion "1"]
[SourceVersionDate "2020.11.30"]
[SourceQuality "1"]

1. d4 d5 2. c4 e6 3. Nc3 Nf6 4. cxd5 exd5 5. Bg5 Be7 6. e3 c6 7. Bd3 0-0 8. Qc2 Nbd7 9. Nf3 Re8 10. 0-0 h6 11. Bh4 Ne4 12. Bxe7 Qxe7 13. Rab1 Ng5 14. Nd2 Nf6 15. b4 Nfe4 16. b5 Bd7 17. bxc6 Bxc6 18. Ndxe4 dxe4 19. Bc4 b6 20. d5 Bd7 21. Qb3 Bh3 22. Ne2 Qd7 23. Nf4 Bxg2 24. Kxg2 Qg4+ 25. Kh1 Nh3 26. Be2 Qh4 27. Nxh3 Qxh3 28. Rg1 Re5 29. Qc3 Rg5 30. Rxg5 hxg5 31. Rg1 f6 32. Qc6 Kh7 33. Qxa8 1-0

[Event "FRA-ch U18/14 Online"]
[White "Sabiani, Chjara"]
[Black "Decurninge, Brice"]
[Site "Europe Echecs INT"]
[Round "7"]
[Result "1-0"]
[Date "2020.07.11"]
[WhiteElo "1842"]
[BlackElo "1582"]
[PlyCount "55"]
[EventDate "2020.07.11"]
[EventType "swiss (blitz)"]
[EventRounds "9"]
[EventCountry "FRA"]
[SourceTitle "EXT 2021"]
[Source "ChessBase"]
[SourceDate "2020.10.23"]
[SourceVersion "1"]
[SourceVersionDate "2020.10.23"]
[SourceQuality "1"]

1. d4 Nf6 2. c4 g6 3. Nc3 d5 4. Qb3 dxc4 5. Qxc4 Bg7 6. e4 Nbd7 7. Nf3 0-0 8. Bf4 c6 9. Be2 Nb6 10. Qd3 Re8 11. 0-0 Nh5 12. Bg5 f6 13. Be3 e5 14. Rad1 Nf4 15. Bxf4 exf4 16. Rfe1 Be6 17. b3 Qc7 18. d5 cxd5 19. exd5 Bf5 20. Qd4 Rac8 21. Nb5 Qc2 22. Rd2 Qc5 23. Qxc5 Rxc5 24. Nd6 Re7 25. Nxf5 gxf5 26. Red1 Rd7 27. d6 Rc6 28. Bb5 1-0

[Event "FRA-ch U16 Girls"]
[White "Sabiani, Chjara"]
[Black "Djidjeli, Sarah"]
[Site "Hyeres"]
[Round "9"]
[Result "0-1"]
[Date "2019.04.21"]
[WhiteElo "1812"]
[BlackElo "2041"]
[PlyCount "94"]
[EventDate "2019.04.14"]
[EventType "swiss"]
[EventRounds "9"]
[EventCountry "FRA"]
[SourceTitle "CBM 190 Extra"]
[Source "ChessBase"]
[SourceDate "2019.07.15"]
[SourceVersion "1"]
[SourceVersionDate "2019.07.15"]
[SourceQuality "1"]

1. d4 Nf6 2. Bf4 g6 3. Nc3 d5 4. e3 Bg7 5. h4 h6 6. Nb5 Na6 7. Nf3 Bf5 8. Bd3 Bxd3 9. cxd3 c5 10. 0-0 0-0 11. Be5 Qd7 12. Nc3 Rac8 13. Rc1 Qf5 14. Re1 Ng4 15. Nxd5 Qd7 16. Bxg7 Kxg7 17. Nc3 Rfd8 18. d5 c4 19. dxc4 Rxc4 20. b3 Rc5 21. Qd4+ Nf6 22. e4 Qg4 23. b4 Rcc8 24. Rcd1 Kg8 25. Na4 Nh5 26. Nc5 Nf4 27. g3 Qxf3 28. gxf4 Nxc5 29. bxc5 Qxf4 30. Re3 e5 31. Qd3 Rxc5 32. Rg3 Rdc8 33. d6 Rd8 34. Qa3 Rc2 35. Qxa7 Qxe4 36. Qa5 Rxd6 37. Re1 Qf4 38. Rg2 Rc1 39. Rxc1 Qxc1+ 40. Kh2 Qf4+ 41. Kh3 Rd4 42. Rg3 Qxh4+ 43. Kg2 Qe4+ 44. f3 Qe2+ 45. Kh3 g5 46. Qa8+ Kg7 47. Qxb7 Rh4# 0-1